[Event "Hastings Masters 2010-11"]
[Site "Hastings ENG"]
[Date "2010.12.30"]
[Round "3.1"]
[White "Ramnath Bhuvanesh, R."]
[Black "Howell, David"]
[Result "0-1"]
[WhiteElo "2387"]
[BlackElo "2616"]
[PlyCount "76"]
[EventDate "2010.12.28"]
[TimeControl "40/6000+30:20/3000+30:900+30"]

1. e4 c6 2. d4 d5 3. exd5 cxd5 4. c4 Nf6 5. Nc3 e6 6. Nf3 Bb4 7. cxd5 Nxd5 8.
Bd2 Nc6 9. Bd3 Be7 10. a3 O-O 11. O-O Bf6 12. Qc2 g6 13. Bh6 Re8 14. Rad1 Nce7
15. Ne4 Bh8 16. Rfe1 Bd7 17. Bg5 Rc8 18. Qe2 Qc7 19. Bb1 Nf5 20. Qd2 Qb6 21. g4
Nd6 22. Nxd6 Qxd6 23. Bh4 Ba4 24. Bg3 Qb6 25. Rc1 Rcd8 26. h3 Bc6 27. Ne5 Ne7
28. Qe2 Bd5 29. Rcd1 Nc6 30. Nxc6 Bxc6 31. Be5 Qb3 32. Bd3 f6 33. Bg3 Rxd4 34.
f3 f5 35. g5 Qd5 36. Bf2 Qxf3 37. Qxf3 Bxf3 38. Rd2 Rd7 0-1

[Event "Hastings Masters 2010-11"]
[Site "Hastings ENG"]
[Date "2010.12.30"]
[Round "3.2"]
[White "Neverov, Valeriy"]
[Black "Bates, Richard"]
[Result "1-0"]
[WhiteElo "2544"]
[BlackElo "2382"]
[PlyCount "89"]
[EventDate "2010.12.28"]
[TimeControl "40/6000+30:20/3000+30:900+30"]

1. d4 Nf6 2. c4 g6 3. Nc3 Bg7 4. e4 d6 5. Nf3 O-O 6. Be2 e5 7. O-O Na6 8. Re1
Qe8 9. Bf1 Bg4 10. d5 Nb4 11. Be2 a5 12. Be3 Bd7 13. Nd2 Na6 14. a3 a4 15. Nb5
Qb8 16. Qc2 Nc5 17. f3 Ne8 18. b4 axb3 19. Nxb3 b6 20. Nxc5 dxc5 21. a4 Bxb5
22. cxb5 Ra5 23. Bd2 Qa7 24. Bc3 Nd6 25. f4 exf4 26. e5 Nf5 27. Qe4 Nd4 28.
Bxd4 cxd4 29. Qxd4 Ra8 30. Qxf4 Rxa4 31. Rxa4 Qxa4 32. Qxa4 Rxa4 33. Bf3 Kf8
34. d6 Ra7 35. d7 Ke7 36. Bc6 Ra2 37. Rd1 Kd8 38. Rf1 Bxe5 39. Rxf7 Bd6 40.
Rxh7 Bc5+ 41. Kf1 Rf2+ 42. Ke1 Rf6 43. Ke2 Bf8 44. Rh4 Re6+ 45. Kf3 1-0

[Event "Hastings Masters 2010-11"]
[Site "Hastings ENG"]
[Date "2010.12.30"]
[Round "3.3"]
[White "Eggleston, David"]
[Black "Pert, Richard G"]
[Result "1/2-1/2"]
[WhiteElo "2309"]
[BlackElo "2460"]
[PlyCount "103"]
[EventDate "2010.12.28"]
[TimeControl "40/6000+30:20/3000+30:900+30"]

1. e4 c5 2. Nf3 d6 3. d4 cxd4 4. Nxd4 Nf6 5. Nc3 g6 6. Be3 Bg7 7. f3 Nc6 8. Qd2
O-O 9. O-O-O d5 10. exd5 Nxd5 11. Nxc6 bxc6 12. Bd4 e5 13. Bc5 Be6 14. Ne4 Re8
15. Bc4 Qc7 16. g4 Red8 17. Qf2 Nf4 18. Bxe6 Nxe6 19. g5 Rd5 20. c4 Rdd8 21. h4
Qa5 22. Kb1 Rxd1+ 23. Rxd1 Rd8 24. Rxd8+ Qxd8 25. Kc2 Nd4+ 26. Bxd4 exd4 27.
Kd3 Qa5 28. b3 Qf5 29. Qg3 h5 30. gxh6 Bxh6 31. h5 c5 32. hxg6 fxg6 33. Qg4
Qxg4 34. fxg4 Bf8 35. b4 cxb4 36. Kxd4 Kf7 37. Kd5 a5 38. c5 a4 39. c6 Ke8 40.
Kc4 Kd8 41. Ng5 Kc8 42. Ne6 Bd6 43. Nd4 b3 44. axb3 a3 45. b4 a2 46. Nc2 Kc7
47. Kb3 Kxc6 48. Kxa2 Kd5 49. Kb3 Bxb4 50. Kxb4 Ke4 51. Kc3 Kf4 52. Kd2 1/2-1/2

[Event "Hastings Masters 2010-11"]
[Site "Hastings ENG"]
[Date "2010.12.30"]
[Round "3.4"]
[White "Istratescu, Andrei"]
[Black "Prasanna, Rao"]
[Result "1-0"]
[WhiteElo "2620"]
[BlackElo "2400"]
[PlyCount "155"]
[EventDate "2010.12.28"]
[TimeControl "40/6000+30:20/3000+30:900+30"]

1. d4 Nf6 2. c4 e6 3. Nc3 d5 4. cxd5 exd5 5. Bg5 Be7 6. e3 h6 7. Bh4 O-O 8. Bd3
b6 9. Nge2 Bb7 10. Bxf6 Bxf6 11. b4 c6 12. O-O a5 13. b5 c5 14. Rc1 Qd6 15.
dxc5 bxc5 16. Na4 Rc8 17. Bf5 Nd7 18. Bxd7 Qxd7 19. Nb6 Qxb5 20. Nxa8 Bxa8 21.
Nf4 Qd7 22. Qd2 a4 23. Rfd1 d4 24. exd4 Bxd4 25. Qd3 Qc6 26. Re1 Qd6 27. Qf5
Rd8 28. h4 Bc6 29. Ne2 Be5 30. Nc3 Bd4 31. Ne4 Qd5 32. Qxd5 Bxd5 33. Nxc5 Bxc5
34. Rxc5 Bxa2 35. Ra5 Bb3 36. h5 Kh7 37. f3 g6 38. hxg6+ Kxg6 39. Ra6+ Kg7 40.
Re4 Rd5 41. Rh4 h5 42. Kh2 Rg5 43. Rd4 Rc5 44. Kh3 Rg5 45. Rd2 Rc5 46. Kh4 Bc2
47. Rd8 Rc4+ 48. Kh3 Bf5+ 49. Kh2 Rh4+ 50. Kg1 Rf4 51. Rd5 h4 52. Kf2 Be6 53.
Rda5 Bb3 54. Rg5+ Kf8 55. Ra7 Rc4 56. Ke3 Rb4 57. f4 Bc2 58. f5 Rb6 59. Kf4 Bd1
60. g4 hxg3 61. Rxg3 Bb3 62. Rg2 Rc6 63. Rg1 Rb6 64. Kg5 Kg7 65. Rc1 Rb5 66.
Rc6 Re5 67. Kf4 Re1 68. Rg6+ Kf8 69. Rg2 Re7 70. Ra6 Rc7 71. f6 Rc4+ 72. Kg5
Ke8 73. Ra7 Kd8 74. Rd2+ Kc8 75. Rdd7 Rg4+ 76. Kxg4 Be6+ 77. Kg5 Bxd7 78. Kh6
1-0

[Event "Hastings Masters 2010-11"]
[Site "Hastings ENG"]
[Date "2010.12.30"]
[Round "3.5"]
[White "Knott, Simon JB"]
[Black "Edouard, Romain"]
[Result "1/2-1/2"]
[WhiteElo "2333"]
[BlackElo "2620"]
[PlyCount "102"]
[EventDate "2010.12.28"]
[TimeControl "40/6000+30:20/3000+30:900+30"]

1. Nf3 c5 2. c4 Nc6 3. d4 cxd4 4. Nxd4 Nf6 5. g3 e5 6. Nb5 Bb4+ 7. N1c3 d6 8.
a3 Bxc3+ 9. Nxc3 Be6 10. e4 Rc8 11. f3 a6 12. Be3 Na5 13. b3 b5 14. Nd5 Nxd5
15. cxd5 Bd7 16. Rb1 O-O 17. Bg2 Nb7 18. b4 Rc3 19. Rb3 Qc7 20. O-O Rc8 21. Re1
Qc4 22. Rxc3 Qxc3 23. Qa1 Qb3 24. Bb6 f5 25. Rc1 Rc4 26. Bf2 a5 27. Rxc4 bxc4
28. Be1 Qe3+ 29. Kh1 Qd3 30. Qc3 Qb1 31. h4 axb4 32. Qxb4 Qb3 33. Kh2 Kf7 34.
Bf1 fxe4 35. fxe4 Qc2+ 36. Kg1 Nc5 37. Qxc4 Qxe4 38. Qxe4 Nxe4 39. Bd3 Nf6 40.
Bc4 Bc8 41. a4 Bb7 42. a5 Bxd5 43. Bxd5+ Nxd5 44. a6 Nc7 45. a7 Ke6 46. Kf2 h5
47. Kf3 d5 48. g4 g6 49. gxh5 gxh5 50. Bg3 Kf5 51. Ke3 Ke6 1/2-1/2

[Event "Hastings Masters 2010-11"]
[Site "Hastings ENG"]
[Date "2010.12.30"]
[Round "3.6"]
[White "Williams, K."]
[Black "Zhou, Yang Fan"]
[Result "1-0"]
[WhiteElo "2493"]
[BlackElo "2348"]
[PlyCount "121"]
[EventDate "2010.12.28"]
[TimeControl "40/6000+30:20/3000+30:900+30"]

1. f4 c5 2. Nf3 g6 3. e3 Bg7 4. Be2 Nc6 5. O-O Nh6 6. d3 d5 7. e4 dxe4 8. dxe4
Qxd1 9. Bxd1 b6 10. c3 Ba6 11. Re1 O-O-O 12. Na3 Bd3 13. Ba4 Kb7 14. h3 f6 15.
Bb3 Rhf8 16. Bd5 Rfe8 17. Bc4 Na5 18. Be6 Rd6 19. f5 gxf5 20. exf5 Nxf5 21. Bf4
Rdd8 22. Rad1 Nh6 23. b4 cxb4 24. cxb4 Nc6 25. b5 Ne5 26. Nxe5 fxe5 27. Bxe5
Bxe5 28. Rxe5 Kb8 29. Nc4 Ng8 30. Ne3 Nf6 31. g4 Bg6 32. g5 Ne4 33. Rxd8+ Rxd8
34. Nd5 Nd2 35. Re3 Nc4 36. Rc3 Nd6 37. Nc7 Be4 38. Na6+ Ka8 39. a4 Bb7 40. Rc7
Ne4 41. h4 Rd1+ 42. Kh2 Rd2+ 43. Kh3 Rd3+ 44. Kg4 Rd4 45. Rxe7 Nc5+ 46. Kg3
Nxe6 47. Rxe6 Bc8 48. Re8 Kb7 49. Re7+ Rd7 50. Re4 Rg7 51. Kf4 Bh3 52. Re8 Bc8
53. Ke4 Rf7 54. Ke5 Rf5+ 55. Kd6 h6 56. Re7+ Ka8 57. Kc7 Rf8 58. g6 h5 59. g7
Rf6 60. g8=Q Rc6+ 61. Kd8 1-0

[Event "Hastings Masters 2010-11"]
[Site "Hastings ENG"]
[Date "2010.12.30"]
[Round "3.7"]
[White "Gormally, Daniel"]
[Black "Druckenthaner, Andreas"]
[Result "1-0"]
[WhiteElo "2480"]
[BlackElo "2301"]
[PlyCount "29"]
[EventDate "2010.12.28"]
[TimeControl "40/6000+30:20/3000+30:900+30"]

1. d4 f5 2. Bg5 h6 3. Bh4 c5 {An attempt at larceny. Black hopes to trap the
bishop on h4 with g5 and f4, in more favourable circumstances than usual, as
now he can flick in Qa5+ andthereby free the d8 square as a flight for his
king. However, as Gormally shows, this is an extremely risky strategy against
active play by White.} 4. e4 Qb6 ({Here, for example,} 4... Qa5+ 5. Nd2 g5 {
fails to} 6. Qh5+ Kd8 7. Bxg5) 5. exf5 d5 6. Nf3 Bxf5 ({Having said A (ie. 4...
Qb6), Black probably had to say B, and take on b2, although that also looks
very dangerous. After the text, he is blown away very quickly.} 6... Qxb2) 7.
Nc3 Qe6+ 8. Be2 Nc6 9. dxc5 O-O-O 10. Nd4 Nxd4 11. Qxd4 Nf6 12. O-O-O a6 13.
Bf3 g5 14. Rhe1 Qc6 15. Bg3 {Black has no defence at all to threats such as
Qe5, Na4, etc.} 1-0

[Event "Hastings Masters 2010-11"]
[Site "Hastings ENG"]
[Date "2010.12.30"]
[Round "3.8"]
[White "Shyam, Sundar M"]
[Black "Radovanovic, Jovica"]
[Result "1-0"]
[WhiteElo "2414"]
[BlackElo "2329"]
[PlyCount "74"]
[EventDate "2010.12.28"]
[TimeControl "40/6000+30:20/3000+30:900+30"]

1. d4 Nf6 2. Bg5 e6 3. e4 h6 4. Bxf6 Qxf6 5. Nc3 Bb4 6. Qd2 d6 7. O-O-O O-O 8.
Nf3 Nd7 9. Kb1 c6 10. h4 e5 11. Be2 exd4 12. Nxd4 Nc5 13. f3 Ne6 14. a3 Ba5 15.
Nb3 Bxc3 16. Qxc3 Qxc3 17. bxc3 d5 18. g3 dxe4 19. fxe4 Rd8 20. Bc4 Rxd1+ 21.
Rxd1 Kf8 22. Nd4 Nxd4 23. cxd4 Ke7 24. Kb2 Bg4 25. Rf1 f6 26. Kc3 b6 27. a4 Bd7
28. a5 bxa5 29. Ra1 a4 30. Rxa4 g5 31. Ra5 Kd6 32. hxg5 hxg5 33. e5+ Ke7 34.
Ra6 f5 35. Ra1 Be6 36. Ba6 Rh8 37. Bb7 Rh3 1-0

[Event "Hastings Masters 2010-11"]
[Site "Hastings ENG"]
[Date "2010.12.30"]
[Round "3.9"]
[White "Prosviriakov, Vladimir"]
[Black "Summerscale, Aaron"]
[Result "1/2-1/2"]
[WhiteElo "2269"]
[BlackElo "2428"]
[PlyCount "63"]
[EventDate "2010.12.28"]
[TimeControl "40/6000+30:20/3000+30:900+30"]

1. e4 e6 2. d4 d5 3. Nc3 Nf6 4. e5 Nfd7 5. f4 c5 6. Nf3 Nc6 7. Be3 Qb6 8. Na4
Qa5+ 9. c3 cxd4 10. b4 Nxb4 11. cxb4 Bxb4+ 12. Bd2 Bxd2+ 13. Nxd2 O-O 14. Bd3
b5 15. Nb2 Nb6 16. O-O Nc4 17. Nbxc4 bxc4 18. Bxh7+ Kxh7 19. Qh5+ Kg8 20. Nf3
g6 21. Qh6 Qc7 22. Nxd4 Qc5 23. Rad1 Re8 24. Rf3 Qf8 25. Qh4 Bd7 26. Rh3 Qg7
27. Rf1 Rab8 28. Nc2 Rb2 29. Ne3 Bc6 30. Ng4 d4 31. Rg3 Kf8 32. Nf6 1/2-1/2

[Event "Hastings Masters 2010-11"]
[Site "Hastings ENG"]
[Date "2010.12.30"]
[Round "3.10"]
[White "Wohl, Aleksandar H"]
[Black "Rolvag, Mikael"]
[Result "1-0"]
[WhiteElo "2375"]
[BlackElo "2179"]
[PlyCount "119"]
[EventDate "2010.12.28"]
[TimeControl "40/6000+30:20/3000+30:900+30"]

1. e4 c5 2. Nf3 Nc6 3. Bb5 g6 4. O-O Bg7 5. c3 Nf6 6. Re1 O-O 7. h3 Qb6 8. Na3
Ne8 9. Bf1 e5 10. d3 d6 11. Be3 Qd8 12. d4 b6 13. dxc5 dxc5 14. Qa4 Bb7 15. Bg5
f6 16. Rad1 Qe7 17. Bc1 Nc7 18. Nc2 Kh8 19. Ne3 Rfd8 20. Nd5 Nxd5 21. exd5 Nb8
22. c4 Qd7 23. Qc2 Na6 24. g4 Re8 25. Nh4 Bf8 26. b3 Bd6 27. Bb2 Qf7 28. Re3
Kg8 29. Rde1 Nb8 30. f4 Nd7 31. Qe2 Rf8 32. fxe5 Bxe5 33. Nf3 Bxb2 34. Re7 Bc3
35. Rxf7 Rxf7 36. Rd1 Ne5 37. Bg2 Nxf3+ 38. Bxf3 Be5 39. Kg2 Bd6 40. Re1 Rd8
41. h4 Bc8 42. Qd2 Bd7 43. a3 Re8 44. Re6 Be5 45. b4 Bxe6 46. dxe6 Rfe7 47.
bxc5 bxc5 48. Bc6 Rb8 49. Qa5 Bd4 50. Bd7 f5 51. g5 Rb6 52. Qxa7 Rbxe6 53.
Bxe6+ Rxe6 54. a4 Re2+ 55. Kf1 Rb2 56. a5 f4 57. a6 Rb3 58. Qa8+ Kg7 59. Qe4
Ra3 60. Qb7+ 1-0

[Event "Hastings Masters 2010-11"]
[Site "Hastings ENG"]
[Date "2010.12.30"]
[Round "3.11"]
[White "Williams, Peter Arthur"]
[Black "Rendle, Thomas"]
[Result "0-1"]
[WhiteElo "2145"]
[BlackElo "2391"]
[PlyCount "68"]
[EventDate "2010.12.28"]
[TimeControl "40/6000+30:20/3000+30:900+30"]

1. d4 f5 2. g3 Nf6 3. Bg2 g6 4. Nf3 Bg7 5. O-O O-O 6. b3 d6 7. Bb2 Qe8 8. c4
Na6 9. Qc2 Rb8 10. Nbd2 b5 11. Rac1 Nb4 12. Qb1 bxc4 13. bxc4 Qa4 14. a3 Nc6
15. Qa1 Na5 16. Qa2 Kh8 17. d5 e5 18. Ba1 h6 19. Nh4 Kh7 20. e4 fxe4 21. Nxe4
Ba6 22. Nd2 Nb7 23. Qb1 Qe8 24. Qc2 Nc5 25. Ne4 Ncxe4 26. Bxe4 Nxe4 27. Qxe4
Bc8 28. Rb1 Rxb1 29. Rxb1 Qf7 30. f4 Bf6 31. fxe5 Bxh4 32. Qxh4 Qf2+ 33. Kh1
Qf3+ 34. Kg1 Bh3 0-1

[Event "Hastings Masters 2010-11"]
[Site "Hastings ENG"]
[Date "2010.12.30"]
[Round "3.12"]
[White "Kotronias, Vasilios"]
[Black "Bellin, Robert"]
[Result "1/2-1/2"]
[WhiteElo "2582"]
[BlackElo "2365"]
[PlyCount "224"]
[EventDate "2010.12.28"]
[TimeControl "40/6000+30:20/3000+30:900+30"]

1. e4 c5 2. Nf3 Nc6 3. d4 cxd4 4. Nxd4 Nf6 5. Nc3 d6 6. Bg5 Bd7 7. Be2 Qa5 8.
Bxf6 gxf6 9. O-O Rg8 10. Nd5 Bh3 11. Bf3 Ne5 12. Ne3 Bh6 13. Ndf5 Bxe3 14. Nxe3
Qd2 15. Kh1 Qxd1 16. Bxd1 Be6 17. Be2 Rc8 18. Rfd1 Bc4 19. Nxc4 Nxc4 20. Rab1
Rg5 21. c3 Kf8 22. a4 Rgc5 23. Kg1 a6 24. f4 R5c6 25. Kf2 Nb6 26. Rd4 Nd7 27.
a5 e6 28. Rb4 R8c7 29. Ke3 Ke7 30. Ra1 Rc5 31. Ra3 R5c6 32. Kd2 Nc5 33. Bd1 h6
34. Bc2 Rc8 35. Ke3 R8c7 36. Kf3 Rc8 37. Ba4 R6c7 38. Rb6 Rd8 39. Bb3 Nd7 40.
Rb4 Nc5 41. Ba2 Rdc8 42. Rd4 Nd7 43. Rb3 Rb8 44. Ra3 Rbc8 45. g3 Nc5 46. Ke3
Nd7 47. Bb3 Rd8 48. Ra1 Nb8 49. Rb4 Nd7 50. Bd1 Nc5 51. Bf3 Nd7 52. Rd1 Nb8 53.
Rb6 Rdd7 54. Ra1 Rc6 55. Rb4 Rdc7 56. Ra3 Rc4 57. Rxc4 Rxc4 58. b4 Rc7 59. Kd3
Nc6 60. Bd1 Kd8 61. Ra2 Rc8 62. g4 Ke7 63. Rg2 Kf8 64. Rg3 Ne7 65. Bb3 Ng6 66.
f5 Nf4+ 67. Kd2 e5 68. c4 Ke7 69. Rc3 Rd8 70. Ba4 Rh8 71. Bd1 Rd8 72. Ba4 Rh8
73. c5 dxc5 74. bxc5 Rd8+ 75. Kc2 Ne2 76. Rh3 Rc8 77. c6 Nd4+ 78. Kd3 Nxc6 79.
Bxc6 Rxc6 80. Rxh6 Rc5 81. h4 Rxa5 82. g5 Ra3+ 83. Kc4 b5+ 84. Kd5 Rd3+ 85. Kc5
Rc3+ 86. Kd5 Rd3+ 87. Kc6 Rc3+ 88. Kb7 fxg5 89. hxg5 Rg3 90. Rxa6 Rxg5 91. Kc7
f6 92. Kc6 Rg1 93. Ra7+ Kf8 94. Kd5 Rc1 95. Rb7 Rc4 96. Rxb5 Rd4+ 97. Ke6 Rxe4
98. Kxf6 Kg8 99. Rb8+ Kh7 100. Rb7+ Kh6 101. Re7 Ra4 102. Rxe5 Ra6+ 103. Kf7
Ra7+ 104. Re7 Ra8 105. f6 Kh7 106. Rb7 Kh6 107. Rc7 Kh7 108. Rd7 Kh6 109. Rd2
Ra7+ 110. Ke8 Kg6 111. f7 Ra8+ 112. Ke7 Ra7+ 1/2-1/2

[Event "Hastings Masters 2010-11"]
[Site "Hastings ENG"]
[Date "2010.12.30"]
[Round "3.13"]
[White "Sengupta, Deep"]
[Black "Coates, David H"]
[Result "1-0"]
[WhiteElo "2527"]
[BlackElo "2068"]
[PlyCount "65"]
[EventDate "2010.12.28"]
[TimeControl "40/6000+30:20/3000+30:900+30"]

1. e4 e6 2. d4 d5 3. Nc3 Bb4 4. e5 c5 5. a3 Bxc3+ 6. bxc3 Ne7 7. h4 Nbc6 8. h5
Qa5 9. Bd2 Bd7 10. h6 gxh6 11. Rb1 Qc7 12. Nf3 O-O-O 13. Bxh6 cxd4 14. cxd4 Nf5
15. Bg5 Rde8 16. Qd2 h5 17. Be2 Reg8 18. c3 Na5 19. Kf1 Nc4 20. Qc1 Bc6 21. Rh3
Qa5 22. Bf6 Rh6 23. Nh4 Qxa3 24. Qxa3 Nxa3 25. Nxf5 exf5 26. Ra1 Nb5 27. Ra5 a6
28. Bxh5 Nxc3 29. Bxf7 Rxh3 30. gxh3 Rf8 31. e6 Ne4 32. Bg7 Rd8 33. e7 1-0

[Event "Hastings Masters 2010-11"]
[Site "Hastings ENG"]
[Date "2010.12.30"]
[Round "3.14"]
[White "Swapnil, S Dhopade"]
[Black "Webster, Richard J"]
[Result "1-0"]
[WhiteElo "2426"]
[BlackElo "1956"]
[PlyCount "57"]
[EventDate "2010.12.28"]
[TimeControl "40/6000+30:20/3000+30:900+30"]

1. d4 Nf6 2. c4 g6 3. Nc3 d5 4. cxd5 Nxd5 5. e4 Nxc3 6. bxc3 Bg7 7. Bc4 c5 8.
Ne2 Nc6 9. Be3 O-O 10. O-O Bg4 11. f3 cxd4 12. cxd4 Na5 13. Bd3 Be6 14. d5 Bxa1
15. Qxa1 f6 16. Bh6 Re8 17. Qd4 Bd7 18. Rb1 b5 19. e5 a6 20. e6 Bc8 21. Qg4 Kh8
22. Nf4 Rg8 23. Nxg6+ Rxg6 24. Bxg6 Qg8 25. Bf7 Qxg4 26. fxg4 Ra7 27. Be3 Rb7
28. g5 Kg7 29. Bd4 1-0

[Event "Hastings Masters 2010-11"]
[Site "Hastings ENG"]
[Date "2010.12.30"]
[Round "3.15"]
[White "Gibson, Christopher A"]
[Black "Hebden, Mark"]
[Result "0-1"]
[WhiteElo "1984"]
[BlackElo "2556"]
[PlyCount "66"]
[EventDate "2010.12.28"]
[TimeControl "40/6000+30:20/3000+30:900+30"]

1. d4 Nf6 2. c4 g6 3. Nc3 Bg7 4. e4 d6 5. f3 O-O 6. Be3 c5 7. Nge2 Qa5 8. Qd2
Nc6 9. d5 Ne5 10. Ng3 a6 11. f4 Ned7 12. Be2 h5 13. h3 b5 14. cxb5 h4 15. Nf1
axb5 16. Bf3 b4 17. Ne2 Nb6 18. Kf2 Nc4 19. Qc2 Ba6 20. Bc1 Qb5 21. g4 Rfb8 22.
g5 Nd7 23. Ne3 Nxe3 24. Bxe3 Nb6 25. Rad1 Nc4 26. b3 Nxe3 27. Kxe3 c4 28. Kf2
Rc8 29. Rc1 Qb6+ 30. Kg2 Qe3 31. Qd1 c3 32. Qg1 Qd2 33. Qf2 c2 0-1

[Event "Hastings Masters 2010-11"]
[Site "Hastings ENG"]
[Date "2010.12.30"]
[Round "3.17"]
[White "Rich, Mark C"]
[Black "Anwesh, Upadhyaya"]
[Result "0-1"]
[WhiteElo "2145"]
[BlackElo "2426"]
[PlyCount "186"]
[EventDate "2010.12.28"]

1. e4 c6 2. d4 g6 3. c4 Bg7 4. Nc3 d6 5. Be3 Nf6 6. h3 a6 7. a4 a5 8. Be2 Na6
9. f4 Nb4 10. Bf3 Be6 11. d5 cxd5 12. cxd5 Bc8 13. Nge2 O-O 14. O-O e6 15. dxe6
Bxe6 16. Nd4 Bc4 17. Rf2 Re8 18. Rd2 Nfd5 19. Nxd5 Nxd5 20. Ra3 Nxe3 21. Rxe3
Qh4 22. Ne2 Bxe2 23. Rexe2 Qxf4 24. Rxd6 Be5 25. Rd7 Qh2+ 26. Kf2 Rac8 27. Rc2
{(=)} Bc7 28. Ke2 Qf4 29. Qd2 Qxd2+ 30. Kxd2 Bf4+ 31. Kd3 Rcd8 32. Rxd8 Rxd8+
33. Kc4 {(=)} b6 34. Kb5 Be3 35. b4 axb4 36. Kxb4 Kg7 37. Rc6 Rd2 38. Kc3 Rd7
39. Bg4 Ra7 40. Kb3 h5 41. Be2 Re7 42. Bf3 Kh6 43. Kc4 Ra7 44. Kd3 Bg1 45. Bd1
Rd7+ 46. Ke2 Kg5 47. Bb3 Bd4 48. Kf3 f6 49. Rc8 Be5 50. Bd5 Ra7 51. Bc6 Kh4 52.
Be8 g5 53. Bb5 g4+ 54. hxg4 hxg4+ 55. Kf2 Bd4+ 56. Kf1 Kg3 57. Rd8 Be5 58. Rd3+
Kf4 59. Bc6 Rc7 60. g3+ Kg5 61. Bb5 Rc2 62. Ra3 Rb2 63. Re3 Rb1+ 64. Kg2 Rb2+
65. Kf1 Rb4 66. Kg2 Rd4 67. Re2 Kg6 68. Kf2 Kf7 69. Kg2 Ke7 70. Re3 Rb4 71. Be2
Rxa4 72. Bxg4 b5 73. Rb3 b4 74. Be2 Bc3 75. Kf3 Ra1 76. Bd3 Kd6 77. Rb1 Ra3 78.
Bc4 Kc5 79. Bb3 Be5 80. Ke3 Bxg3 81. Kd3 Be5 82. Rc1+ Kb5 83. Kc2 Ra7 84. Bd5
Rh7 85. Rb1 Rh2+ 86. Kd3 Bf4 87. Rd1 Rh3+ 88. Kc2 Rc3+ 89. Kb2 Be5 90. Ka2 Ra3+
91. Kb1 b3 92. Kc1 Ra1+ 93. Kd2 b2 0-1

[Event "Hastings Masters 2010-11"]
[Site "Hastings ENG"]
[Date "2010.12.30"]
[Round "3.19"]
[White "Salov, Sergej"]
[Black "Rayner, Francis"]
[Result "1/2-1/2"]
[WhiteElo "2294"]
[BlackElo "2141"]
[PlyCount "46"]
[EventDate "2010.12.28"]

1. e4 e5 2. Nf3 Nc6 3. Bb5 a6 4. Ba4 Nf6 5. d3 b5 6. Bb3 Be7 7. a4 Bb7 8. O-O
d6 9. Nc3 Na5 10. Ba2 b4 11. Ne2 O-O 12. c3 c5 13. Ng3 bxc3 14. bxc3 c4 15. Bg5
cxd3 16. Qxd3 h6 17. Bxf6 Bxf6 18. Nf5 Bc6 19. Bd5 Qc7 20. Rfd1 Nb7 21. Qc4 Na5
22. Qd3 Nb7 23. Qc4 Na5 1/2-1/2

[Event "Hastings Masters 2010-11"]
[Site "Hastings ENG"]
[Date "2010.12.30"]
[Round "3.20"]
[White "Eames, Robert S"]
[Black "Sergienko, Vladislav"]
[Result "1/2-1/2"]
[WhiteElo "2275"]
[BlackElo "2133"]
[PlyCount "48"]
[EventDate "2010.12.28"]

1. e4 c5 2. d4 cxd4 3. c3 d3 4. Bxd3 Nc6 5. c4 g6 6. Nc3 Bg7 7. Nf3 d6 8. h3
Nf6 9. O-O O-O 10. Bg5 Be6 11. Nd5 Nd7 12. Rb1 f6 13. Be3 Nde5 14. Nd4 Bd7 15.
Be2 Nxd4 16. Bxd4 Nc6 17. Bc3 f5 18. Bxg7 Kxg7 19. exf5 Bxf5 20. Bd3 e5 21.
Bxf5 Rxf5 22. Qd2 Nd4 23. Rbe1 Qh4 24. f4 Raf8 1/2-1/2

[Event "Hastings Masters 2010-11"]
[Site "Hastings ENG"]
[Date "2010.12.30"]
[Round "3.23"]
[White "Sreeves, Clement"]
[Black "Kulkarni, Chinmay"]
[Result "0-1"]
[WhiteElo "2104"]
[BlackElo "2275"]
[PlyCount "88"]
[EventDate "2010.12.28"]

1. c4 Nf6 2. g3 c5 3. Bg2 Nc6 4. Nf3 e6 5. O-O Be7 6. Nc3 O-O 7. d4 d5 8. cxd5
exd5 9. Be3 c4 10. Ne5 Bf5 11. Qa4 Nb4 12. Rac1 a6 13. Qd1 h6 14. b3 cxb3 15.
Qxb3 Be6 16. a3 Nc6 17. Nxc6 bxc6 18. Qa4 Bd7 19. Qb3 Qa5 20. Ra1 Bd6 21. Rfc1
Rfe8 22. Bd2 Qd8 23. e3 h5 24. Na4 Ne4 25. Be1 h4 26. Nc5 Bxc5 27. dxc5 Qf6 28.
gxh4 Bg4 29. Ra2 Re6 30. Qb7 Rae8 31. f4 d4 32. exd4 Qxd4+ 33. Kh1 Nxc5 34. Qb4
Qxb4 35. Bxb4 Nd3 36. Rf1 c5 37. Bc3 Be2 38. f5 Re3 39. Rb1 Nf4 40. Bd2 Bd3 41.
Rd1 Re2 42. Bf1 Rf2 43. Bxf4 Be4+ 44. Kg1 Rxa2 0-1

[Event "Hastings Masters 2010-11"]
[Site "Hastings ENG"]
[Date "2010.12.30"]
[Round "3.23"]
[White "Hegarty, Sarah N"]
[Black "Griffiths, Ryan Rhys"]
[Result "0-1"]
[WhiteElo "2080"]
[BlackElo "2267"]
[PlyCount "80"]
[EventDate "2010.12.28"]

1. e4 c5 2. Nf3 d6 3. d4 cxd4 4. Nxd4 Nf6 5. Nc3 a6 6. Bc4 e6 7. Bb3 b5 8. Bg5
Be7 9. Qf3 Qc7 10. e5 Bb7 11. exd6 Bxd6 12. Qe3 Nc6 13. O-O-O Nxd4 14. Qxd4
O-O-O 15. Qh4 Be5 16. Qh3 Bf4+ 17. Bxf4 Qxf4+ 18. Qe3 Qxe3+ 19. fxe3 b4 20. Na4
Bxg2 21. Rxd8+ Rxd8 22. Rg1 Bf3 23. Nc5 a5 24. Nd3 Be4 25. Ne5 Bg6 26. Nc6 Rd7
27. Nxa5 Rc7 28. Nc4 Rc5 29. Rd1 Rh5 30. Nd6+ Kc7 31. Rd2 Rg5 32. c4 Rg1+ 33.
Bd1 Ng4 34. Nb5+ Kb6 35. Rd6+ Kc5 36. Kd2 Rxd1+ 37. Kxd1 Nxe3+ 38. Ke2 Nxc4 39.
Rd8 Kxb5 40. b3 Ne5 0-1

[Event "Hastings Masters 2010-11"]
[Site "Hastings ENG"]
[Date "2010.12.30"]
[Round "3.23"]
[White "Ledger, Dave J"]
[Black "De Coverly, Roger D"]
[Result "1-0"]
[WhiteElo "2261"]
[BlackElo "2091"]
[PlyCount "81"]
[EventDate "2010.12.28"]

1. e4 e5 2. Nf3 Nc6 3. Bb5 a6 4. Ba4 Nf6 5. O-O Be7 6. Re1 b5 7. Bb3 O-O 8. h3
Bb7 9. c3 d5 10. exd5 Nxd5 11. d3 Nf4 12. d4 Na5 13. Bc2 c5 14. Rxe5 Ng6 15.
Rh5 Bxf3 16. Qxf3 cxd4 17. Rd5 Qc7 18. Rxd4 b4 19. h4 Nxh4 20. Rxh4 Bxh4 21.
Qe4 Bxf2+ 22. Kxf2 f5 23. Qf4 Qxf4+ 24. Bxf4 bxc3 25. Nxc3 Rac8 26. Bd3 Rc6 27.
Nd5 Kh8 28. Re1 h6 29. Re7 Nc4 30. Nb4 Rb6 31. Bxc4 Rxb4 32. b3 Rb6 33. Be5 Rg6
34. g3 Kh7 35. a4 Kh8 36. a5 Rd8 37. Kf3 h5 38. Bf7 Rd3+ 39. Kf2 Rc6 40. Bc4
Rxc4 41. bxc4 1-0

[Event "Hastings Masters 2010-11"]
[Site "?"]
[Date "2010.12.30"]
[Round "3.25"]
[White "Rudd, Jack"]
[Black "Atako, Chino"]
[Result "1-0"]
[WhiteElo "2253"]
[BlackElo "2039"]
[PlyCount "73"]
[EventDate "2010.12.28"]

1. e4 c5 2. Nf3 Nc6 3. d4 cxd4 4. Nxd4 g6 5. Nc3 Bg7 6. Be3 Nf6 7. Be2 O-O 8.
f4 d6 9. Nb3 a5 10. a4 Be6 11. g4 Bxb3 12. cxb3 Nb4 13. Bf3 Nd7 14. O-O Rc8 15.
e5 dxe5 16. Bxb7 Rb8 17. Bg2 exf4 18. Bxf4 Qb6+ 19. Kh1 Rbd8 20. Qe2 Nc5 21.
Qxe7 Nxb3 22. Bc7 Qd4 23. Rad1 Nd3 24. Bxd8 Qxd8 25. Qxd8 Rxd8 26. Bd5 Nbc5 27.
Bxf7+ Kh8 28. Kg2 Bxc3 29. bxc3 Nxa4 30. Bc4 Nf4+ 31. Kg3 Rxd1 32. Rxd1 g5 33.
h4 Nxc3 34. Rd8+ Kg7 35. hxg5 Nfe2+ 36. Kf2 Nf4 37. Rg8# 1-0

[Event "Hastings Masters 2010-11"]
[Site "Hastings ENG"]
[Date "2010.12.30"]
[Round "3.26"]
[White "Kurka, Dieter"]
[Black "Furman, Boris"]
[Result "0-1"]
[WhiteElo "2040"]
[BlackElo "2253"]
[PlyCount "75"]
[EventDate "2010.12.28"]

1. d4 Nf6 2. Nf3 d5 3. Bf4 e6 4. e3 c5 5. c3 Nc6 6. Nbd2 Bd6 7. Bg3 Bxg3 8.
hxg3 Qe7 9. Ne5 Nd7 10. Qg4 Ncxe5 11. dxe5 f5 12. Qa4 O-O 13. Nf3 c4 14. Qc2 b5
15. g4 b4 16. g5 Rb8 17. a4 bxc3 18. bxc3 Nc5 19. Be2 Ne4 20. g6 hxg6 21. Nd4
Qc7 22. O-O Bd7 23. f4 Qa5 24. Rfc1 Rb7 25. Bf3 Nc5 26. Rcb1 Rfb8 27. Rxb7 Rxb7
28. Bd1 Ne4 29. Ra3 Qd8 30. Bf3 Nc5 31. a5 Qb8 32. Ra2 Rb1+ 33. Kh2 Nd3 34. Kg3
Rh1 35. Be2 Nc5 36. Bf3 Qd8 37. Kf2 Qh4+ 38. Ke2 0-1